[Event "It (open)"]
[Site "masterchessopen.com Acasusso (Argentina)"]
[Round "6"]
[White "Recoulat Eduardo J (ARG)"]
[Black "Bronstein Luis (ARG)"]
[Result "0-1"]
[WhiteElo "2200"]
[BlackElo "2349"]

1.d4 Nf6 2.c4 e6 3.Nc3 Bb4 4.e3 Nc6 5.Bd3 e5 6.Ne2 Bxc3+ 7.bxc3 e4 8.Bc2 Na5
9.Ng3 Nxc4 10.Nxe4 Nxe4 11.Bxe4 d5 12.Bd3 O-O 13.O-O Nd6 14.Ba3 b6 15.f3 f5
16.Qb3 Be6 17.e4 fxe4 18.fxe4 Qg5 19.Rae1 Kh8 20.exd5 Rxf1+ 21.Rxf1 Qe3+
22.Kh1 Qxd3 23.Rd1 Rf8 24.Rg1 Bh3 25.c4 {#R} 0-1

[Event "It (open)"]
[Site "masterchessopen.com Adelaide (Australia)"]
[Round "0"]
[White "Sykes Alex"]
[Black "West Guy (AUS)"]
[Result "0-1"]
[WhiteElo "2200"]
[BlackElo "2445"]

1.d4 Nf6 2.c4 e6 3.Nc3 Bb4 4.e3 Nc6 5.Ne2 d5 6.a3 Be7 7.cxd5 exd5 8.g3 a6
9.Bg2 Na7 10.O-O O-O 11.h3 c6 12.g4 Nb5 13.Ng3 Nd6 14.f4 Re8 15.Qc2 Bf8 16.b3
b5 17.g5 Nd7 18.h4 Nb6 19.f5 Ra7 20.Ra2 a5 21.a4 bxa4 22.Nxa4 Nxa4 23.Rxa4 Qb6
24.Bd2 Bd7 25.Rfa1 Rb8 26.Rxa5 Rxa5 27.Rxa5 Qxb3 28.Qxb3 Rxb3 29.Ra8 Rb1+
30.Nf1 Bxf5 31.e4 Bxe4 32.Bf4 Nf5 33.Bh3 Nxh4 34.Bd6 Ng6 35.Kf2 Rb2+ 36.Kg3 h5
37.Bd7 Kh7 38.Bxf8 Rg2+ 39.Kh3 Rf2 40.Nh2 Rd2 41.Kg3 h4+ 42.Kh3 Bg2+ 43.Kg4
Rxd4+ 44.Kh5 Nxf8 {#R} 0-1

[Event "It (open)"]
[Site "masterchessopen.com Amantea (Italy)"]
[Date "2010.09.03"]
[Round "7"]
[White "Abatino Maurizio (ITA)"]
[Black "Familari Giuseppe (ITA)"]
[Result "1-0"]
[WhiteElo "2163"]
[BlackElo "1982"]

1.d4 Nf6 2.c4 e6 3.Nc3 Bb4 4.e3 Nc6 5.Nf3 O-O 6.Qc2 d6 7.Be2 e5 8.d5 Ne7 9.O-O
Bxc3 10.Qxc3 Ne4 11.Qc2 f5 12.b3 g5 13.Bb2 g4 14.Nd2 Ng6 15.f3 Nxd2 16.Qxd2
gxf3 17.Rxf3 f4 18.exf4 Rxf4 19.Raf1 Rxf3 20.Bxf3 Qh4 21.Qe3 Bg4 22.Be4 b6
23.g3 Qh5 24.Bc1 Bh3 25.Bf3 Rf8 26.Rf2 Bg4 27.Bg2 Rxf2 28.Qxf2 Qf5 29.Qxf5
Bxf5 30.Bf1 Kf7 31.Kf2 Bb1 32.a3 Ba2 33.b4 b5 34.cxb5 Bxd5 35.Be3 Bb3 36.Bxa7
Ke7 37.b6 cxb6 38.Bxb6 d5 39.Bh3 Kd6 40.Bc5+ Kc6 41.Bf5 d4 42.h4 Bg8 43.a4 Kd5
44.Bb1 {#r} 1-0

[Event "It (open)"]
[Site "masterchessopen.com Andorra"]
[Round "8"]
[White "Moreno Ruiz Javier (ESP)"]
[Black "Van Der Lijn Bas (NED)"]
[Result "1-0"]
[WhiteElo "2415"]
[BlackElo "2266"]

1.d4 Nf6 2.c4 e6 3.Nc3 Bb4 4.e3 Nc6 5.Bd3 d5 6.cxd5 exd5 7.Ne2 h5 8.Bd2 h4
9.h3 a6 10.Qb3 Rh5 11.Nf4 Rg5 12.O-O-O Bf5 13.Bxf5 Rxf5 14.f3 Qd6 15.Nd3 Bxc3
16.Bxc3 b6 17.Qc2 Kf8 18.Ne5 Rxe5 19.dxe5 Nxe5 20.e4 Nc4 21.Rhe1 Qf4+ 22.Kb1
b5 23.e5 Nd7 24.Qh7 Ndb6 25.e6 Na4 26.Qxg7+ Ke7 27.exf7+ Kd6 28.Qf6+ {#r} 1-0

[Event "It (open)"]
[Site "masterchessopen.com Andorra"]
[Date "2009.07.20"]
[Round "3"]
[White "Peralta Fernando (ARG)"]
[Black "Matnadze Ana (GEO)"]
[Result "1-0"]
[WhiteElo "2545"]
[BlackElo "2413"]

1.d4 Nf6 2.c4 e6 3.Nc3 Bb4 4.e3 Nc6 5.Ne2 d5 6.cxd5 exd5 7.g3 h5 8.h3 Bf5
9.Bg2 Qd7 10.Bd2 Ne7 11.f3 c6 12.Qb3 a5 13.a3 Bxc3 14.Qxc3 Nc8 15.a4 Nd6 16.b3
g5 17.e4 Nfxe4 18.fxe4 Nxe4 19.Bxe4 Bxe4 20.Rf1 Rg8 21.O-O-O Qxh3 22.Qc5 Rg6
23.Bxa5 Qg2 24.Rde1 Re6 25.Bb4 O-O-O 26.Qa7 Bg6 27.Ba5 Kd7 28.Qxb7+ Ke8
29.Bxd8 Qe4 30.Kb2 Qc2+ 31.Ka3 Rxe2 32.Rxe2+ Qxe2 33.Bf6 {#r} 1-0

[Event "It (open)"]
[Site "masterchessopen.com Baden-Baden (Germany)"]
[Round "0"]
[White "Sturua Zurab (GEO)"]
[Black "Schwarzkopf Christian (GER)"]
[Result "1-0"]
[WhiteElo "2540"]
[BlackElo "2193"]

1.d4 Nf6 2.c4 e6 3.Nc3 Bb4 4.e3 Nc6 5.Ne2 d5 6.a3 Bf8 7.cxd5 exd5 8.g3 Ne7
9.Bg2 c6 10.f3 h5 11.h3 Ng6 12.e4 dxe4 13.fxe4 h4 14.g4 Nxg4 15.hxg4 h3
16.Bxh3 Bxg4 17.Bg2 Nh4 18.Kf2 Qf6+ 19.Bf4 g5 20.e5 Qxf4+ 21.Nxf4 Bxd1 22.Nfd5
cxd5 23.Raxd1 Rh6 24.Nxd5 O-O-O 25.Be4 Kb8 26.Rhg1 f5 27.exf6 Rxd5 28.Bxd5
Rxf6+ 29.Ke2 Bh6 30.Be4 Re6 31.Kd3 Rb6 32.Rdf1 a6 33.b4 Rd6 {#r} 1-0

[Event "It (open)"]
[Site "masterchessopen.com Barbera del Valles (Spain)"]
[Date "2010.07.06"]
[Round "3"]
[White "Bhat Vinay S (USA)"]
[Black "Matnadze Ana (GEO)"]
[Result "1-0"]
[WhiteElo "2514"]
[BlackElo "2428"]

1.d4 Nf6 2.c4 e6 3.Nc3 Bb4 4.e3 Nc6 5.Bd3 e5 6.Ne2 d5 7.cxd5 Nxd5 8.O-O exd4
9.Nxd4 Nxc3 10.bxc3 Bxc3 11.Nxc6 bxc6 12.Rb1 Qf6 13.Ba3 Bd7 14.Qc2 h5 15.Be4
Rh6 16.Rfd1 Rd8 17.Rb7 Qe5 18.Rb3 f5 19.Bf3 Ba5 20.Rbd3 Qb5 21.Be2 Qe5 22.f4
Qf6 23.Qc4 Rh8 24.Bxh5+ g6 25.Bb2 {#r} 1-0

[Event "It (open)"]
[Site "masterchessopen.com Barbera del Valles (Spain)"]
[Date "2010.07.10"]
[Round "7"]
[White "Gonzalez Yuri (CUB)"]
[Black "Matnadze Ana (GEO)"]
[Result "1-0"]
[WhiteElo "2539"]
[BlackElo "2428"]

1.d4 Nf6 2.c4 e6 3.Nc3 Bb4 4.e3 Nc6 5.Ne2 d5 6.a3 Be7 7.cxd5 exd5 8.g3 Nb8
9.Bg2 c6 10.O-O h5 11.f3 h4 12.g4 h3 13.Bh1 Bd6 14.g5 Nh7 15.e4 Nxg5 16.e5 Be7
17.f4 Ne4 18.Bxe4 dxe4 19.f5 Rh4 20.Ng3 b6 21.Rf4 Rxf4 22.Bxf4 g6 23.e6 Bf6
24.exf7+ Kxf7 25.fxg6+ Ke7 26.d5 Na6 27.d6+ Kf8 28.Qb3 Bd4+ 29.Kh1 Qf6 30.Bh6+
Ke8 31.Qg8+ Kd7 32.Rf1 Qe6 33.Qh7+ Kxd6 34.Bf8+ {#r} 1-0

[Event "It (open)"]
[Site "masterchessopen.com Bethune (France)"]
[Round "7"]
[White "De Lagontrie Jean (FRA)"]
[Black "Gregoire Thierry (FRA)"]
[Result "1-0"]
[WhiteElo "2096"]
[BlackElo "2009"]

1.d4 Nf6 2.c4 e6 3.Nc3 Bb4 4.e3 Nc6 5.Ne2 d5 6.a3 Be7 7.cxd5 exd5 8.g3 O-O
9.Bg2 Na5 10.b3 c6 11.O-O Bf5 12.f3 Re8 13.g4 Bg6 14.Nf4 Bd6 15.h4 h6 16.Nxg6
fxg6 17.e4 Bg3 18.Ra2 Bxh4 19.e5 Nh7 20.f4 Qb6 21.b4 Nc4 22.Nxd5 cxd5 23.Bxd5+
Kh8 24.Bxc4 Rac8 25.Qd3 Red8 26.Be3 Nf8 27.d5 Qc7 28.Rc2 Qd7 29.Qe2 Qa4 30.e6
Be7 31.Rc3 a6 32.Rfc1 Rb8 33.Qc2 Qe8 34.Bb3 Bd6 35.Qf2 Qe7 36.Bb6 Re8 37.Bc7
Bxc7 38.Rxc7 Qd6 39.Qe3 Rbd8 40.e7 Kh7 41.exd8=Q {#r} 1-0

[Event "It (open)"]
[Site "masterchessopen.com Bethune (France)"]
[Round "1"]
[White "Van Den Bersselaar Jeroen (NED)"]
[Black "Gregoire Thierry (FRA)"]
[Result "1-0"]
[WhiteElo "2187"]
[BlackElo "2044"]

1.d4 Nf6 2.c4 e6 3.Nc3 Bb4 4.e3 Nc6 5.Ne2 d5 6.a3 Be7 7.cxd5 Nxd5 8.Ng3 O-O
9.Bd3 f5 10.O-O Nxc3 11.bxc3 e5 12.Qb3+ Kh8 13.f3 Bd6 14.a4 exd4 15.exd4 Qh4
16.f4 Ne7 17.Bd2 b6 18.c4 Bb7 19.Qc2 Ng6 20.Qc1 Qg4 21.c5 bxc5 22.dxc5 Be7
23.c6 Bc8 24.Bc3 Bd6 25.Be2 Qh4 26.Nh5 Rf7 27.g3 Qe7 28.Re1 Bc5+ 29.Kg2 Be6
30.Bc4 Nf8 31.Qb2 Re8 32.Bxe6 Nxe6 33.Bxg7+ Rxg7 34.Rxe6 {#r} 1-0

[Event "It (open)"]
[Site "masterchessopen.com Biel (Switzerland)"]
[Round "8"]
[White "Toth Bela (ITA)"]
[Black "Kogan Artur (ISR)"]
[Result "1-0"]
[WhiteElo "2400"]
[BlackElo "2495"]

1.d4 Nf6 2.c4 e6 3.Nc3 Bb4 4.e3 Nc6 5.Bd3 e5 6.Ne2 d5 7.cxd5 Nxd5 8.O-O Nb6
9.a3 Bd6 10.d5 Ne7 11.e4 O-O 12.Ng3 c6 13.dxc6 bxc6 14.Be3 Be6 15.b3 f6 16.Qc2
g6 17.Rfd1 Qc7 18.Nf1 f5 19.f3 f4 20.Bf2 g5 21.Be2 Ng6 22.Nd2 Qe7 23.Na4 Nxa4
24.bxa4 Rfc8 25.Bc4 Nf8 26.Bxe6+ Nxe6 27.Nc4 Bc7 28.Rab1 Rd8 29.Rxd8+ Nxd8
30.a5 Bd6 31.Nxd6 Qxd6 32.Bc5 Qe6 33.a6 g4 34.fxg4 Qxg4 35.Qc4+ Ne6 36.Bd6 f3
37.g3 Rd8 38.Rb8 Rxb8 39.Bxb8 Qh3 40.Qa2 Kg7 41.Bxa7 Qh6 42.Qb2 Kf7 43.Bf2 Ng5
44.Qb7+ Kg8 45.Qc8+ Kg7 46.Qd7+ Kg8 47.Qe8+ Kg7 48.Qxe5+ Kf7 49.Qf5+ Ke8 50.h4
Qd6 51.hxg5 Qd1+ 52.Kh2 Qe2 53.Qc5 Qf1 54.Qxc6+ {#r} 1-0

[Event "It (open)"]
[Site "masterchessopen.com Bled (Slovenia)"]
[Round "9"]
[White "Jelen Igor (SLO)"]
[Black "Furlan Miha (SLO)"]
[Result "1-0"]
[WhiteElo "2355"]
[BlackElo "2352"]

1.d4 e6 2.c4 Nf6 3.Nc3 Bb4 4.e3 Nc6 5.Ne2 d5 6.a3 Be7 7.Ng3 O-O 8.Bd3 b6
9.cxd5 exd5 10.b4 Re8 11.O-O Bf8 12.Ra2 Bb7 13.Bb1 Ne7 14.b5 a6 15.a4 axb5
16.axb5 Rxa2 17.Bxa2 Nc8 18.Qb3 Nd6 19.f3 Qd7 20.Re1 h5 21.Bb1 h4 22.Nh1 Nf5
23.Qd1 Bb4 24.Qd3 g6 25.Nf2 c5 26.bxc6 Bxc6 27.Bb2 Bf8 28.e4 dxe4 29.Ncxe4 Nd5
30.Ng4 Bg7 31.Qd2 Re6 32.Ba2 Kh8 33.Qg5 Qe7 34.Qxe7 Rxe7 35.Ne5 Bb7 36.Ng5 Kg8
37.Bxd5 Bxd5 38.Ne4 Rc7 39.Rd1 Rc2 40.Bc1 b5 41.Nd7 Bc4 42.Ndf6+ Bxf6 43.Nxf6+
Kg7 44.Bg5 Be2 45.Ra1 Rc8 46.d5 b4 47.Ne4 Bd3 48.Bf6+ Kf8 49.d6 Ke8 50.d7+
{#r} 1-0

[Event "It (open)"]
[Site "masterchessopen.com Bled (Slovenia)"]
[Round "7"]
[White "Jelen Igor (SLO)"]
[Black "Krasevec Anton (SLO)"]
[Result "1-0"]
[WhiteElo "2355"]
[BlackElo "2119"]

1.d4 Nf6 2.c4 e6 3.Nc3 Bb4 4.e3 Nc6 5.Ne2 O-O 6.a3 Be7 7.d5 Ne5 8.Ng3 exd5
9.cxd5 d6 10.f4 Ng6 11.Be2 Re8 12.O-O Bf8 13.Bc4 Ng4 14.Qe1 Qh4 15.h3 Nf6
16.e4 Bxh3 17.gxh3 Qxh3 18.Qf2 Ng4 19.Qg2 Qh4 20.Nf5 Qf6 21.Qxg4 {#r} 1-0

[Event "It (open)"]
[Site "masterchessopen.com Bled (Slovenia)"]
[Round "5"]
[White "Jelen Igor (SLO)"]
[Black "Rashkovsky Nukhim N (RUS)"]
[Result "0-1"]
[WhiteElo "2355"]
[BlackElo "2517"]

1.d4 Nf6 2.c4 e6 3.Nc3 Bb4 4.e3 Nc6 5.Bd3 e5 6.Ne2 d5 7.cxd5 Nxd5 8.a3 exd4
9.exd4 Be7 10.O-O O-O 11.Be4 Nf6 12.Bf3 Bg4 13.Bxg4 Nxg4 14.h3 Nf6 15.d5 Ne5
16.Qb3 Nfd7 17.Ne4 Nc5 18.Nxc5 Bxc5 19.Bf4 Re8 20.Bg3 Qg5 21.Rac1 Bb6 22.Rcd1
Ng6 23.Rfe1 Re4 24.Nc1 Rae8 25.Rxe4 Rxe4 26.Qf3 Qe7 27.d6 cxd6 28.Bxd6 Qe6
29.Bg3 Re1+ 30.Kh2 Ne5 {#R} 0-1

[Event "It (open)"]
[Site "masterchessopen.com Boeblingen (Germany)"]
[Date "2001.12.28"]
[Round "5"]
[White "Feiler Juergen (GER)"]
[Black "Hitzler Philipp (GER)"]
[Result "0-1"]
[WhiteElo "2162"]
[BlackElo "2175"]

1.d4 Nf6 2.c4 e6 3.Nc3 Bb4 4.e3 Nc6 5.Ne2 e5 6.d5 Ne7 7.a3 Bxc3+ 8.Nxc3 d6
9.e4 O-O 10.Be2 Nd7 11.g4 Ng6 12.Bf3 a5 13.Be3 Nc5 14.Na4 b6 15.b4 Nxa4
16.Qxa4 Qh4 17.Rg1 Nf4 18.O-O-O b5 19.Qxb5 axb4 20.axb4 Ra3 21.Rg3 Qxh2 22.Bb6
cxb6 23.Qxb6 Bd7 24.Kd2 Rfa8 25.b5 Ra2+ 26.Ke1 h6 27.Kf1 Nh3 28.Bg2 Qg1# 0-1

[Event "It (open)"]
[Site "masterchessopen.com Bratislava (Slovakia)"]
[Round "3"]
[White "Kostelny Jozef (SVK)"]
[Black "Kubala Petr (CZE)"]
[Result "0-1"]
[WhiteElo "2232"]
[BlackElo "2260"]

1.d4 Nf6 2.c4 e6 3.Nc3 Bb4 4.e3 Nc6 5.Ne2 d5 6.a3 Be7 7.Ng3 h5 8.Bd3 h4 9.Nge2
h3 10.g3 e5 11.cxd5 Nxd5 12.Nxd5 Qxd5 13.e4 Qd6 14.d5 Nb8 15.Nc3 c6 16.Be3 Nd7
17.O-O Nf6 18.b4 O-O 19.Bc4 Rd8 20.Qe2 Qc7 21.Rac1 Ng4 22.Bd2 a5 23.Rb1 Bd7
24.Rfc1 axb4 25.axb4 Qb6 26.Qf3 Rf8 27.dxc6 bxc6 28.b5 Bc5 29.Be1 Bd4 30.bxc6
Qxc6 31.Bd5 Qa6 32.Bb7 Qa3 33.Bxa8 Qxa8 34.Nd5 f5 35.exf5 Qd8 36.Ne7+ Qxe7
37.Bb4 Rxf5 38.Qxf5 Bxf5 39.Bxe7 Bxf2+ 40.Kf1 Bd3# 0-1

[Event "It (open)"]
[Site "masterchessopen.com Calcutta (India)"]
[Round "9"]
[White "Chiong Luis (PHI)"]
[Black "Gasimov Ragim (AZE)"]
[Result "1-0"]
[WhiteElo "2355"]
[BlackElo "2395"]

1.d4 Nf6 2.c4 e6 3.Nc3 Bb4 4.e3 Nc6 5.Nf3 d6 6.Qb3 O-O 7.a3 Bxc3+ 8.Qxc3 a5
9.b3 Re8 10.Bb2 e5 11.dxe5 dxe5 12.Rd1 Qe7 13.Qc2 Bg4 14.Be2 Qc5 15.O-O h6
16.h3 Bh5 17.Nh4 Bxe2 18.Qxe2 Re6 19.Nf5 Kh7 20.Qc2 Kh8 21.Rd2 b5 22.cxb5 Qxb5
23.Rb1 Rb8 24.Ba1 Ne7 25.Nxe7 Rxe7 26.Rd3 Nd5 27.g3 c6 28.e4 Nf6 29.Rc3 Re6
30.Rc5 Qa6 31.Rxe5 Rbe8 32.Rxe6 Rxe6 33.f3 Qa7+ 34.Qf2 Qc7 35.Kg2 Nh5 36.Kh2
Rg6 37.Rg1 Qd6 38.a4 Qd3 39.Rg2 Qxb3 40.Be5 Qe6 41.Bc7 Qd7 42.Bxa5 Qd3 43.Bc7
c5 44.a5 Qb5 45.Bb6 c4 46.Qe3 Qc6 47.e5 c3 48.g4 c2 49.Rg1 f5 50.Rc1 f4 51.Qd3
Qe6 52.Qxc2 {#r} 1-0

[Event "It (open)"]
[Site "masterchessopen.com Cappelle la Grande (France)"]
[Date "2005.02.15"]
[Round "5"]
[White "Gerard Nicolas (FRA)"]
[Black "Israel Gregory (FRA)"]
[Result "1-0"]
[WhiteElo "2286"]
[BlackElo "2119"]

1.d4 Nf6 2.c4 e6 3.Nc3 Bb4 4.e3 Nc6 5.Bd3 e5 6.Ne2 d5 7.O-O exd4 8.Nxd4 Nxd4
9.exd4 O-O 10.Bg5 dxc4 11.Bxc4 Bxc3 12.bxc3 Qd6 13.Qf3 Ng4 14.Bf4 Qb6 15.Rab1
Qa5 16.Rfe1 Nf6 17.Be5 Ng4 18.Bd6 cxd6 19.Qxf7+ Rxf7 20.Re8# 1-0

[Event "It (open)"]
[Site "masterchessopen.com Ceske Budejovice (Czech Republic)"]
[Round "0"]
[White "Guliev Sarhan (AZE)"]
[Black "Pachman Ludek (GER)"]
[Result "1-0"]
[WhiteElo "2470"]
[BlackElo "2278"]

1.d4 Nf6 2.c4 e6 3.Nc3 Bb4 4.e3 Nc6 5.Ne2 d5 6.a3 Bf8 7.cxd5 exd5 8.g3 h5 9.h3
Ne7 10.Bg2 Nf5 11.Nxd5 Nxd5 12.e4 Nde7 13.exf5 Nxf5 14.O-O Bd6 15.Nf4 g6
16.Re1+ Kf8 17.b4 Kg7 18.d5 Re8 19.Bb2+ f6 20.Qd2 Rxe1+ 21.Rxe1 Bxf4 22.Qxf4
Kf7 23.Rc1 Nd6 24.Bxf6 {#r} 1-0

[Event "It (open)"]
[Site "masterchessopen.com Forli (Italy)"]
[Round "6"]
[White "Fries-Nielsen Jens Ove (DEN)"]
[Black "Rashkovsky Nukhim N (RUS)"]
[Result "0-1"]
[WhiteElo "2385"]
[BlackElo "2517"]

1.d4 Nf6 2.c4 e6 3.Nc3 Bb4 4.e3 Nc6 5.Bd3 e5 6.Ne2 d5 7.cxd5 Nxd5 8.O-O exd4
9.exd4 O-O 10.Qc2 h6 11.a3 Be7 12.Nxd5 Qxd5 13.Be3 Bd6 14.Rad1 Ne7 15.Nf4 Qc6
16.Qb1 Bg4 17.f3 Be6 18.Bh7+ Kh8 19.Nxe6 fxe6 20.Be4 Nd5 21.Rfe1 Qd7 22.Bf2 c6
23.g3 Rf6 24.Re2 Raf8 25.Rde1 Qf7 26.Qd3 g5 27.Qd2 Qh5 28.Be3 Bc7 29.Rf1 Bb6
30.Bf2 Qh3 31.Ree1 Bc7 32.Qe2 Rg8 33.Rd1 Nf4 34.gxf4 gxf4+ 35.Bg3 fxg3 36.Rfe1
g2 {#R} 0-1

[Event "It (open)"]
[Site "masterchessopen.com Geraardsbergen (Belgium)"]
[Round "3"]
[White "Van Der Stricht Geert (BEL)"]
[Black "Tolk Peter (NED)"]
[Result "1-0"]
[WhiteElo "2413"]
[BlackElo "2273"]

1.d4 Nf6 2.c4 e6 3.Nc3 Bb4 4.e3 Nc6 5.Ne2 d5 6.cxd5 exd5 7.Nf4 O-O 8.Qb3 Bxc3+
9.bxc3 Nb8 10.Bd3 c6 11.O-O Nbd7 12.c4 dxc4 13.Bxc4 Nb6 14.Bd3 Re8 15.a4 Nbd5
16.Nxd5 Qxd5 17.Bc4 Qh5 18.f3 b6 19.e4 Be6 20.Be3 Bxc4 21.Qxc4 Rac8 22.Rfc1
Nd7 23.Bf2 Qg6 24.Qa6 Rc7 25.Bg3 Nb8 26.Qc4 Rd7 27.Rc2 Qf6 28.Rd1 c5 29.d5 Nc6
30.Rcd2 Nd4 31.Bf2 Qd6 32.Bxd4 cxd4 33.Rc2 f5 34.Qxd4 fxe4 35.fxe4 Qe5 36.Qxe5
Rxe5 37.Rd4 Kf7 38.Kf2 Ke7 39.Ke3 g5 40.Rc6 Rb7 41.Rdc4 Kd7 42.Kd4 {#r} 1-0

[Event "It (open)"]
[Site "masterchessopen.com Graz (Austria)"]
[Date "2006.09.20"]
[Round "5"]
[White "Shengelia Davit (AUT)"]
[Black "Krumpacnik Domen (SLO)"]
[Result "1-0"]
[WhiteElo "2504"]
[BlackElo "2407"]

1.d4 Nf6 2.c4 e6 3.Nc3 Bb4 4.e3 Nc6 5.Ne2 d5 6.a3 Be7 7.cxd5 exd5 8.Nf4 Bf5
9.b4 Qd7 10.Bb5 O-O 11.f3 a6 12.Ba4 Bd8 13.O-O b5 14.Bb3 Ne7 15.g4 Be6 16.e4
c6 17.e5 Ne8 18.Bc2 a5 19.Qd3 g6 20.Nxe6 Qxe6 21.Bh6 Ng7 22.Ne2 Bb6 23.Kh1 f5
24.exf6 Qxf6 25.bxa5 Rxa5 26.f4 Bc7 27.Ng3 Rf7 28.Bg5 Qd6 29.f5 gxf5 30.Bf4
Qd7 31.Bxc7 Qxc7 32.gxf5 Rf6 33.Qe3 Qd6 34.Rg1 Kf8 35.Qg5 h6 36.Qg4 Rf7 37.f6
Qxf6 38.Raf1 Qg5 39.Qd7 Ne8 40.Rxf7+ Kxf7 41.Nf5 Qf6 42.Rf1 Kf8 43.Ng3 {#r}
1-0

[Event "It (open)"]
[Site "masterchessopen.com Groningen (Netherlands)"]
[Round "1"]
[White "Safarian Alek (AUS)"]
[Black "Kogan Artur (ISR)"]
[Result "0-1"]
[WhiteElo "2036"]
[BlackElo "2475"]

1.d4 Nf6 2.c4 e6 3.Nc3 Bb4 4.e3 Nc6 5.Bd3 d5 6.Ne2 O-O 7.O-O a6 8.a3 Bd6 9.g3
dxc4 10.Bxc4 e5 11.d5 Ne7 12.e4 Bh3 13.Re1 Bc5 14.Be3 Bxe3 15.fxe3 Nc8 16.Qc2
Nd6 17.Ba2 Ng4 18.Nd1 Qg5 19.Nec3 f5 20.Rc1 Qg6 21.Bb1 f4 22.exf4 Rxf4 23.Qd2
Raf8 24.Ne3 Rf2 25.Re2 Nc4 26.Nf5 Nxd2 27.Ne7+ Kf7 28.Nxg6 Nf3+ {#R} 0-1

[Event "It (open)"]
[Site "masterchessopen.com Ikaria (Greece)"]
[Round "2"]
[White "Hellsten Johan (SWE)"]
[Black "Hallerod Ralph (SWE)"]
[Result "1-0"]
[WhiteElo "2564"]
[BlackElo "2144"]

1.d4 Nf6 2.c4 e6 3.Nc3 Bb4 4.e3 Nc6 5.Bd3 Bxc3+ 6.bxc3 O-O 7.Nf3 d6 8.O-O e5
9.Nd2 Ng4 10.h3 Nh6 11.f4 f5 12.Nb3 e4 13.Be2 Qf6 14.d5 Ne7 15.c5 dxc5 16.c4
b6 17.Qd2 Nf7 18.Bb2 Qh6 19.Rf2 Nd6 20.Kh2 Kf7 21.Rh1 a5 22.Qc3 Qf6 23.Qc2 Qh6
24.Qc3 Qf6 25.Qc1 Qh6 26.Kg1 Bd7 27.g4 Qg6 28.Rg2 Rg8 29.Qe1 h5 30.gxh5 Qh6
31.Kh2 g6 32.Qh4 Ke8 33.Rhg1 Kd8 34.Rxg6 {#r} 1-0

[Event "It (open)"]
[Site "masterchessopen.com Klatovy (Czech Republic)"]
[Round "1"]
[White "Jankovec Ivan (CZE)"]
[Black "Skrivanek Jan (CZE)"]
[Result "1-0"]
[WhiteElo "2280"]
[BlackElo "2117"]

1.d4 Nf6 2.c4 e6 3.Nc3 Bb4 4.e3 Nc6 5.Ne2 O-O 6.a3 Bxc3+ 7.Nxc3 d6 8.Be2 e5
9.d5 Ne7 10.e4 Ng6 11.O-O Ne8 12.Be3 f5 13.exf5 Bxf5 14.Bd3 Qh4 15.f3 Nf4
16.Be4 Bd7 17.Qd2 Nf6 18.Kh1 N6h5 19.Qe1 Qxe1 20.Rfxe1 a6 21.b4 Nf6 22.Bc2 a5
23.g3 N4h5 24.Kg2 b6 25.Bb3 Ra6 26.c5 bxc5 27.bxc5 a4 28.Ba2 Ra5 29.c6 Bc8
30.Rab1 Ba6 31.Red1 Re8 32.Rb4 Ra8 33.Rdb1 Ne8 34.Rb8 Bd3 35.R1b4 Bc2 36.Bc4
Bb3 37.Rxa8 Rxa8 38.Bxb3 axb3 39.Rxb3 Ra5 40.a4 Nhf6 41.Rb4 Ra8 42.a5 Kf7
43.Ne4 Nxe4 44.fxe4 Ke7 45.Bg5+ Nf6 46.Kf3 Kd8 47.Bxf6+ gxf6 48.Kg4 Ra7 49.Kf5
Ke7 50.Rb7 Rxa5 51.Rxc7+ Kd8 52.Rxh7 {#r} 1-0

[Event "It (open)"]
[Site "masterchessopen.com La Fere (France)"]
[Date "2008.07.06"]
[Round "3"]
[White "Abbasov Farid (AZE)"]
[Black "Riff Jean-Noel (FRA)"]
[Result "1-0"]
[WhiteElo "2578"]
[BlackElo "2512"]

1.d4 Nf6 2.c4 e6 3.Nc3 Bb4 4.e3 Nc6 5.Ne2 d5 6.a3 Bd6 7.cxd5 exd5 8.g3 O-O
9.Bg2 Ne7 10.O-O Re8 11.b4 a5 12.b5 c6 13.a4 Nf5 14.Ba3 Bxa3 15.Rxa3 Nd6
16.Rb3 Bg4 17.h3 Bd7 18.bxc6 Bxc6 19.Qa1 Qd7 20.Rfb1 Rac8 21.Qa2 Nfe4 22.R1b2
Qf5 23.Nxe4 Nxe4 24.Nf4 h5 25.Nd3 Ng5 26.Nf4 Ne6 27.Nxe6 fxe6 28.Rc3 Rc7
29.Rc5 Rf7 30.Rxa5 h4 31.gxh4 Qd3 32.Rd2 Qc3 33.Rc5 Qb4 34.a5 Ra8 35.Bf1 e5
36.Rb2 Qe1 37.dxe5 Re7 38.Qb1 {#r} 1-0

[Event "It (open)"]
[Site "masterchessopen.com Los Angeles (USA)"]
[Round "4"]
[White "Van Buskirk Charles (USA)"]
[Black "Harmon Clark (USA)"]
[Result "1-0"]
[WhiteElo "2307"]
[BlackElo "2166"]

1.d4 Nf6 2.c4 e6 3.Nc3 Bb4 4.e3 Nc6 5.Bd3 e5 6.Ne2 d5 7.O-O dxc4 8.Bxc4 exd4
9.exd4 O-O 10.h3 a6 11.Be3 Bd6 12.a3 h6 13.Qd3 Bd7 14.Rad1 Qc8 15.Ng3 Re8
16.Bxh6 Be6 17.Bxe6 Qxe6 18.Bc1 Bxg3 19.Qxg3 Nd5 20.Nxd5 Qxd5 21.Bh6 g6
22.Qxc7 Nxd4 23.Qb6 Ne2+ 24.Kh1 Re6 25.Rxd5 Rxb6 26.Rd2 Re8 27.Kh2 Rf6 28.g3
Kh7 29.Bg5 Rf5 30.h4 Kg8 31.Kg2 Re4 32.f3 Re6 33.Kf2 f6 34.Rxe2 Rxe2+ 35.Kxe2
fxg5 36.hxg5 Rxg5 37.Rc1 Rb5 38.b4 a5 39.Rc5 Rxc5 40.bxc5 Kf7 41.Kd3 Ke6
42.Kc4 Ke5 43.a4 g5 44.Kb5 Kd4 45.Kb6 Kc4 46.f4 {#r} 1-0

[Event "It (open)"]
[Site "masterchessopen.com Lugano (Switzerland)"]
[Round "1"]
[White "Grynszpan Mariano (ARG)"]
[Black "Stobik Dietrich (GER)"]
[Result "1-0"]
[WhiteElo "2390"]
[BlackElo "2255"]

1.d4 Nf6 2.c4 e6 3.Nc3 Bb4 4.e3 Nc6 5.Qc2 d5 6.Nf3 O-O 7.a3 Bxc3+ 8.Qxc3 Re8
9.Bd3 dxc4 10.Bxc4 Nd5 11.Qc2 e5 12.dxe5 Nxe5 13.Be2 Qf6 14.O-O c6 15.Nxe5
Qxe5 16.Bd3 h6 17.Bd2 Nf6 18.Bc3 Qe7 19.b4 Be6 20.e4 Rad8 21.Rad1 Nd7 22.f4 f6
23.Rfe1 Qf7 24.Qf2 Bc4 25.Bb1 Nb6 26.Bd4 Bb3 27.Rd3 Kh8 28.e5 fxe5 29.Bxe5 Bd5
30.Rg3 Rxe5 31.Rxe5 Nc4 32.Qc2 g5 33.Rf5 Qe7 34.Qc3+ Qg7 35.Qxg7+ Kxg7 36.fxg5
{#r} 1-0

[Event "It (open)"]
[Site "masterchessopen.com Mondariz (Spain)"]
[Round "0"]
[White "Nedobora Mikhail (UKR)"]
[Black "Tjiam Dharma (NED)"]
[Result "1-0"]
[WhiteElo "2465"]
[BlackElo "2350"]

1.d4 Nf6 2.c4 e6 3.Nc3 Bb4 4.e3 Nc6 5.Nf3 d6 6.Qc2 Qe7 7.Bd2 O-O 8.Be2 Bxc3
9.Bxc3 e5 10.dxe5 dxe5 11.O-O Bg4 12.Rfe1 Rad8 13.a3 Rfe8 14.Bf1 e4 15.Nd2 Bf5
16.f4 h5 17.b4 h4 18.Nb3 h3 19.gxh3 Nh5 20.Rad1 Qe6 21.Qg2 Qc8 22.Qg5 Bg6
23.Be2 Qxh3 24.Bg4 Nxf4 25.Qxf4 {#r} 1-0

[Event "It (open)"]
[Site "masterchessopen.com North Bay (Canada)"]
[Round "0"]
[White "Kaptsan Aron (CAN)"]
[Black "Winterton Ken (CAN)"]
[Result "1-0"]
[WhiteElo "2043"]
[BlackElo "2055"]

1.d4 Nf6 2.c4 e6 3.Nc3 Bb4 4.e3 Nc6 5.Nf3 d6 6.Qc2 Qe7 7.Bd2 O-O 8.a3 Bxc3
9.Bxc3 a5 10.Be2 e5 11.d5 Nb8 12.O-O Bg4 13.h3 Bh5 14.Rfe1 Nbd7 15.e4 a4
16.Nd2 Bxe2 17.Rxe2 Nh5 18.g3 g6 19.Nf1 Nc5 20.Kh2 f5 21.exf5 gxf5 22.f4 e4
23.Ne3 Qd7 24.Rg1 Kf7 25.Rf2 Nd3 26.Rff1 Rg8 27.Rd1 Nc5 28.Qe2 Nf6 29.g4 fxg4
30.hxg4 Nd3 31.Rdf1 Rg6 32.g5 Rag8 33.Bxf6 {#r} 1-0

[Event "It (open)"]
[Site "masterchessopen.com Novi Sad (Yugoslavia)"]
[Round "3"]
[White "Terzic Safet (BIH)"]
[Black "Krumpacnik Domen (SLO)"]
[Result "0-1"]
[WhiteElo "2265"]
[BlackElo "2367"]

1.d4 Nf6 2.c4 e6 3.Nc3 Bb4 4.e3 Nc6 5.Nf3 O-O 6.Bd3 d6 7.O-O Bxc3 8.bxc3 e5
9.Nd2 Ne7 10.Qc2 c5 11.f4 exd4 12.exd4 d5 13.dxc5 Qc7 14.Nb3 dxc4 15.Bxc4 Bf5
16.Bd3 Bxd3 17.Qxd3 Rad8 18.Qf3 Nf5 19.Bb2 a5 20.a4 b6 21.c4 Nd7 22.g4 Ne7
23.Qc3 f6 24.cxb6 Nxb6 25.c5 Nbd5 26.Qc4 Kh8 27.Rae1 Rb8 28.Ba3 Rfd8 29.Re4 f5
30.gxf5 Nxf5 31.Rfe1 Nf6 32.Nd4 Nxe4 33.Ne6 Nd2 34.Qc3 Qc6 35.Nxd8 Rxd8 36.Rd1
Nh4 {#R} 0-1